| 000 | 00606nam a2200217 i 4500 | ||
|---|---|---|---|
| 001 | 80369 | ||
| 003 | ES-MaACL | ||
| 005 | 20230906174212.0 | ||
| 007 | t| | ||
| 008 | 041027s1973 sp ||||1| spa d | ||
| 100 | 1 |
_aHiggins, George V. _963636 |
|
| 245 | 1 | 3 |
_aEl chivato / _cGeorge V. Higgins ; [traducción de Carlos Casas]. |
| 250 | _a[1ª ed.]. | ||
| 260 |
_aBarcelona : _bNoguer, _c[1973] |
||
| 300 |
_a207 p. ; _c19 cm. |
||
| 490 | 1 |
_aEsfinge ; _v27 |
|
| 700 | 1 |
_aCasas, Carlos. _936188 |
|
| 830 | 0 |
_aEsfinge ; _v27 _9183661 |
|
| 852 |
_aES-MaACL _jC-53326 _bR.85246 |
||
| 999 |
_c80369 _d80369 |
||